[Event "Bialystok Zamenhof Memorial-B 36th"]
[Site "Bialystok"]
[Date "2017.12.28"]
[Round "4"]
[White "Borawski, Jakub"]
[Black "Obuhov, Filipp"]
[Result "1/2-1/2"]
[WhiteElo "2161"]
[BlackElo "2103"]
[PlyCount "115"]
[EventDate "2017.12.27"]
[EventType "swiss"]
[EventRounds "9"]
[EventCountry "POL"]
[SourceTitle "CBM 182 Extra"]
[Source "ChessBase"]
[SourceDate "2018.02.23"]
[SourceVersion "1"]
[SourceVersionDate "2018.02.23"]
[SourceQuality "1"]

1. e4 c5 2. Nf3 e6 3. d4 cxd4 4. Nxd4 a6 5. Bd3 Qc7 6. 0-0 Nf6 7. c4 Be7 8. Nc3 d6 9. Be3 Nbd7 10. f4 b6 11. Rc1 Bb7 12. f5 e5 13. Nd5 Qd8 14. Ne2 Bxd5 15. cxd5 Ng4 16. Bd2 Nc5 17. Bb1 Bg5 18. Rf3 Bxd2 19. Qxd2 Qh4 20. h3 Nf6 21. Ng3 0-0 22. Qe3 Rfc8 23. b4 Na4 24. Rc6 Rxc6 25. dxc6 d5 26. Bc2 d4 27. Qa3 Nc3 28. c7 Nb5 29. Qxa6 Nxc7 30. Qxb6 Nce8 31. Bb3 Rc8 32. Bxf7+ Kf8 33. Bxe8 Rc1+ 34. Nf1 Kxe8 35. Qe6+ Kf8 36. Qd6+ Kf7 37. Qe6+ Kf8 38. Qxe5 Qxe4 39. Qxe4 Nxe4 40. Kh2 d3 41. a4 d2 42. Nxd2 Nxd2 43. Rd3 Ne4 44. a5 Ra1 45. Re3 Nd6 46. Re6 Nxf5 47. a6 Ra4 48. b5 Ne7 49. b6 Rxa6 50. b7 Rxe6 51. b8Q+ Kf7 52. Qb5 h6 53. Qh5+ Ng6 54. Qf5+ Rf6 55. Qd5+ Kf8 56. Qd8+ Kf7 57. Qd5+ Kf8 58. Qd8+ 1/2-1/2

[Event "Minsk Bronstein Memorial op"]
[Site "Minsk"]
[Date "2017.02.19"]
[Round "10"]
[White "Grib, Roman"]
[Black "Obuhov, Filipp"]
[Result "0-1"]
[WhiteElo "2415"]
[BlackElo "2103"]
[PlyCount "82"]
[EventDate "2017.02.18"]
[EventType "swiss (rapid)"]
[EventRounds "10"]
[EventCountry "BLR"]
[SourceTitle "EXT 2018"]
[Source "ChessBase"]
[SourceDate "2017.10.13"]
[SourceVersion "1"]
[SourceVersionDate "2017.10.13"]
[SourceQuality "1"]

1. e4 c5 2. Nf3 e6 3. b3 d6 4. Bb5+ Nd7 5. 0-0 a6 6. Bxd7+ Bxd7 7. Bb2 Nf6 8. Re1 Be7 9. d4 0-0 10. c4 cxd4 11. Qxd4 Qc7 12. Nc3 Rfd8 13. Rac1 Qc5 14. Qd2 Rac8 15. Nb1 Bc6 16. Ba3 Qh5 17. Nc3 Bf8 18. Nd4 Be8 19. Bb2 Ng4 20. h3 Ne5 21. f4 Nc6 22. Nf3 Qa5 23. Qe2 Ne7 24. Kh2 b5 25. cxb5 axb5 26. a4 bxa4 27. bxa4 d5 28. exd5 Nxd5 29. Nxd5 Qxd5 30. Red1 Qa5 31. Rxd8 Rxd8 32. Ra1 Qb4 33. Be5 Bxa4 34. Qa6 Bc2 35. Bc7 Rd3 36. Ne1 Rd2 37. Ra2 Be4 38. Ra4 Qb7 39. Qxb7 Bxb7 40. Ra7 Bd5 41. Kg1 Bc5+ 0-1

[Event "Minsk Bronstein Memorial op"]
[Site "Minsk"]
[Date "2017.02.18"]
[Round "4"]
[White "Nikitenko, Mihail"]
[Black "Obuhov, Filipp"]
[Result "1-0"]
[WhiteElo "2403"]
[BlackElo "2103"]
[PlyCount "101"]
[EventDate "2017.02.18"]
[EventType "swiss (rapid)"]
[EventRounds "10"]
[EventCountry "BLR"]
[SourceTitle "EXT 2018"]
[Source "ChessBase"]
[SourceDate "2017.10.13"]
[SourceVersion "1"]
[SourceVersionDate "2017.10.13"]
[SourceQuality "1"]

1. e4 c5 2. Nf3 e6 3. d4 cxd4 4. Nxd4 a6 5. c4 Qc7 6. Nc3 Nf6 7. a3 b6 8. Be2 Bb7 9. f3 d6 10. Be3 Nbd7 11. Rc1 Rc8 12. b4 Be7 13. 0-0 0-0 14. Nb3 Qb8 15. Qd2 Bd8 16. Rfd1 Bc7 17. Bf4 Ne5 18. Bxe5 dxe5 19. Qe3 Rfd8 20. Kh1 Nh5 21. Bf1 Nf4 22. c5 b5 23. g3 Ng6 24. h4 Ne7 25. h5 h6 26. Bh3 Rxd1+ 27. Rxd1 Rd8 28. Rg1 Qc8 29. Kh2 Qd7 30. Rd1 Qe8 31. Rxd8 Qxd8 32. Qd2 Nc6 33. Qxd8+ Bxd8 34. Bf1 Nd4 35. Nxd4 exd4 36. Nxb5 axb5 37. Bxb5 Be7 38. Kg2 f5 39. e5 Bg5 40. Bc4 Bc8 41. f4 Bd8 42. a4 Kf8 43. a5 Bb7+ 44. Kf2 Ke7 45. a6 Be4 46. a7 d3 47. Bxd3 Bd5 48. Be2 Kd7 49. Bf3 Ba8 50. Bxa8 Kc7 51. Bf3 1-0

[Event "Minsk Bronstein Memorial op"]
[Site "Minsk"]
[Date "2017.02.18"]
[Round "3"]
[White "Obuhov, Filipp"]
[Black "Olhovik, Andrei"]
[Result "1-0"]
[WhiteElo "2103"]
[BlackElo "2299"]
[PlyCount "63"]
[EventDate "2017.02.18"]
[EventType "swiss (rapid)"]
[EventRounds "10"]
[EventCountry "BLR"]
[SourceTitle "EXT 2018"]
[Source "ChessBase"]
[SourceDate "2017.10.13"]
[SourceVersion "1"]
[SourceVersionDate "2017.10.13"]
[SourceQuality "1"]

1. c4 e5 2. g3 Nf6 3. Bg2 d5 4. cxd5 Nxd5 5. Nc3 Nb6 6. Nf3 Nc6 7. 0-0 Be7 8. a3 a5 9. b3 0-0 10. Bb2 Be6 11. Rc1 f5 12. d3 Bf6 13. e3 Qd7 14. Qc2 Rad8 15. Rfd1 Qf7 16. Nd2 Rd7 17. Nc4 Rfd8 18. Qb1 Nxc4 19. bxc4 e4 20. dxe4 Bxc4 21. Nd5 Bxb2 22. Qxb2 fxe4 23. Rxc4 Rxd5 24. Rxd5 Qxd5 25. Rxe4 Qd1+ 26. Bf1 Rd2 27. Qxb7 Nd8 28. Re8+ Kf7 29. Qe4 h6 30. Kg2 Rc2 31. Bd3 Rc1 32. Qg6# 1-0